<?xml version="1.0" encoding="UTF-8"?>
<record
    xmlns:xsi="http://www.w3.org/2001/XMLSchema-instance"
    xsi:schemaLocation="http://www.loc.gov/MARC21/slim http://www.loc.gov/standards/marcxml/schema/MARC21slim.xsd"
    xmlns="http://www.loc.gov/MARC21/slim">

  <leader>02029agaaa2200337   4500</leader>
  <controlfield tag="001">5160</controlfield>
  <controlfield tag="003">IT-RoPAU</controlfield>
  <controlfield tag="005">20220918181246.0</controlfield>
  <controlfield tag="007">d cvaizq</controlfield>
  <controlfield tag="008">50131s9999||||xx ||| |     ||   ||und||</controlfield>
  <datafield tag="040" ind1=" " ind2=" ">
    <subfield code="a">IT-RoPAU</subfield>
    <subfield code="c">IT-RoPAU</subfield>
  </datafield>
  <datafield tag="041" ind1=" " ind2=" ">
    <subfield code="a">ITALIANO</subfield>
  </datafield>
  <datafield tag="100" ind1=" " ind2=" ">
    <subfield code="a">Kubrick Stanley</subfield>
    <subfield code="g">Codice regista SPICS: 1549</subfield>
    <subfield code="9">47247</subfield>
  </datafield>
  <datafield tag="130" ind1=" " ind2=" ">
    <subfield code="a">LOLITA</subfield>
    <subfield code="9">47248</subfield>
  </datafield>
  <datafield tag="240" ind1=" " ind2=" ">
    <subfield code="a">LOLITA</subfield>
    <subfield code="g">T1685</subfield>
  </datafield>
  <datafield tag="245" ind1=" " ind2=" ">
    <subfield code="a">LOLITA</subfield>
    <subfield code="c">Prodotto da: Harris James B. -- Sceneggiatura: Nabokov Vladimir Kubrick Stanley -- Diretto da: Kubrick Stanley</subfield>
    <subfield code="p">LOLITA (Rif. Codice opera principale : H5160)</subfield>
  </datafield>
  <datafield tag="246" ind1=" " ind2=" ">
    <subfield code="a">LOLITA</subfield>
  </datafield>
  <datafield tag="250" ind1=" " ind2=" ">
    <subfield code="a">Edizione Standard</subfield>
  </datafield>
  <datafield tag="260" ind1=" " ind2=" ">
    <subfield code="a">USA (USA - UK)</subfield>
    <subfield code="b">SEVEN ARTS - METRO GOLDWYN MAYER / Distribuzione: MEC</subfield>
    <subfield code="g">"1962 (1&#xB0; ed.: 2004 ; Ed. Lingua Orig.: 1962)"</subfield>
  </datafield>
  <datafield tag="300" ind1=" " ind2=" ">
    <subfield code="a">DVD</subfield>
    <subfield code="b">sonoro, col.</subfield>
    <subfield code="c">147 minuti</subfield>
  </datafield>
  <datafield tag="508" ind1=" " ind2=" ">
    <subfield code="a">"Fotografia: Morris Oswald; Montaggio: Harvey Anthony; Musica: Riddle Nelson; Sceneggiatura: Nabokov Vladimir Kubrick Stanley; Scenografia: Andrews Bill; "</subfield>
  </datafield>
  <datafield tag="511" ind1=" " ind2=" ">
    <subfield code="a">"Mason James; Winters Shelley; Sellers Peter; Lyon Sue; Cockrell Gary; Decker Diana"</subfield>
  </datafield>
  <datafield tag="520" ind1=" " ind2=" ">
    <subfield code="a">L'EMIGRATO EUROPEO HUMBERT HUMBERT E' DA POCO ARRIVATO A RAMSDALE, NEL NEWHAMPSHIRE. E' UN TIPO COSI' MENTALMENTE DISTURBATO DA CONGEGNARE UN PIANO MACCCHIAVELLICO. SPOSERA' CHARLOTTE HAZE, COSI' POTRA' STARE AL FIANCO DELLA SUA AMATA: LA GIOVANISSIMA FIGLIA DI LEI. CON LA SUA VERSIONE CINEMATOGRAFICA KUBRICK ESPLORA IL TEMA DELL'OSSESSIONE SESSUALE. STRAPPANDO AI SUOI ATTORI INTERPRETAZIONI CONSIDERATE FRA LE MIGLIORI DELLA LORO CARRIERA, KUBRICK REALIZZA UN FILM CHE HA FATTO SCALPORE ALLA SUA USCITA E CHE OGGI NON E' MENO PROVOCATORIO.</subfield>
  </datafield>
  <datafield tag="538" ind1=" " ind2=" ">
    <subfield code="a">PAL, STEREO</subfield>
  </datafield>
  <datafield tag="546" ind1=" " ind2=" ">
    <subfield code="a">ITALIANO</subfield>
  </datafield>
  <datafield tag="650" ind1=" " ind2=" ">
    <subfield code="a">DRAMMATICO</subfield>
    <subfield code="e">DVD-FILM [DVD]</subfield>
    <subfield code="x">Codice MATERIA SPICS: 9947</subfield>
    <subfield code="9">47249</subfield>
  </datafield>
  <datafield tag="700" ind1=" " ind2=" ">
    <subfield code="a">Kubrick Stanley </subfield>
    <subfield code="e">(regista)</subfield>
    <subfield code="g">Codice regista SPICS: 1549</subfield>
    <subfield code="9">47250</subfield>
  </datafield>
  <datafield tag="700" ind1=" " ind2=" ">
    <subfield code="a">Nabokov Vladimir </subfield>
    <subfield code="e">(soggetto)</subfield>
    <subfield code="g">Codice Soggetto SPICS: 48868</subfield>
    <subfield code="9">47251</subfield>
  </datafield>
  <datafield tag="700" ind1=" " ind2=" ">
    <subfield code="a">Riddle Nelson</subfield>
    <subfield code="e">(musica)</subfield>
    <subfield code="g">Codice Musica SPICS: 29315</subfield>
    <subfield code="9">47252</subfield>
  </datafield>
  <datafield tag="942" ind1=" " ind2=" ">
    <subfield code="c">DV</subfield>
    <subfield code="2">ddc</subfield>
  </datafield>
  <datafield tag="999" ind1=" " ind2=" ">
    <subfield code="c">106506</subfield>
    <subfield code="d">106506</subfield>
  </datafield>
  <datafield tag="952" ind1=" " ind2=" ">
    <subfield code="0">0</subfield>
    <subfield code="1">0</subfield>
    <subfield code="4">0</subfield>
    <subfield code="6">H_5160_000000000000000</subfield>
    <subfield code="7">1</subfield>
    <subfield code="a">SPICS</subfield>
    <subfield code="b">SPICS</subfield>
    <subfield code="d">2015-01-31</subfield>
    <subfield code="l">0</subfield>
    <subfield code="o">H5160</subfield>
    <subfield code="r">2015-01-31 00:00:00</subfield>
    <subfield code="w">2015-01-31</subfield>
    <subfield code="y">DV</subfield>
    <subfield code="z">Progr. Ins.: 3211 / N.Vol.:1 / Copie: 1 / Pag.:0 / Copia rara: n.d. / date import: 1.2.2015 / By Epidotti, Trombetti, Vaglietti</subfield>
  </datafield>
</record>
